[Event "Aleksandria Cup"]
[Site "?"]
[Date "2015.07.20"]
[Round "9.7"]
[White "Javakhadze, Zurab"]
[Black "Azaladze, Shota"]
[Result "0-1"]
[LiveChessVersion "1.3.1"]
[BlackElo "2488"]
[WhiteElo "2415"]

1. e4 {[%clk 1:15:38]} g6 {[%clk 1:30:26]} 2. d4 {[%clk 1:15:50]} Bg7
{[%clk 1:30:49]} 3. Nc3 {[%clk 1:16:11]} d6 {[%clk 1:31:13]} 4. Be3
{[%clk 1:12:15]} Nd7 {[%clk 1:30:16]} 5. Qd2 {[%clk 1:11:19]} a6 {[%clk 1:29:10]}
6. h4 {[%clk 1:11:18]} h5 {[%clk 1:26:59]} 7. Nh3 {[%clk 1:11:41]} b5
{[%clk 1:27:10]} 8. Ng5 {[%clk 1:11:50]} Bb7 {[%clk 1:27:06]} 9. f3
{[%clk 1:11:29]} Ngf6 {[%clk 1:16:50]} 10. a4 {[%clk 1:08:51]} b4
{[%clk 1:16:12]} 11. Ne2 {[%clk 1:08:06]} a5 {[%clk 1:15:43]} 12. O-O-O
{[%clk 1:07:20]} e5 {[%clk 1:08:58]} 13. Kb1 {[%clk 1:04:14]} Bc6
{[%clk 1:01:32]} 14. b3 {[%clk 1:03:23]} Qe7 {[%clk 1:01:52]} 15. dxe5
{[%clk 1:01:32]} Nxe5 {[%clk 0:53:35]} 16. Bd4 {[%clk 1:00:23]} O-O
{[%clk 0:52:20]} 17. Bb2 {[%clk 1:00:46]} Bb7 {[%clk 0:50:01]} 18. Nf4
{[%clk 0:56:35]} Rad8 {[%clk 0:42:18]} 19. Be2 {[%clk 0:51:37]} d5
{[%clk 0:34:04]} 20. exd5 {[%clk 0:49:34]} Nxd5 {[%clk 0:34:25]} 21. Nxd5
{[%clk 0:49:42]} Rxd5 {[%clk 0:33:45]} 22. Qf4 {[%clk 0:48:24]} Re8
{[%clk 0:30:57]} 23. Rxd5 {[%clk 0:43:31]} Bxd5 {[%clk 0:30:53]} 24. Rd1
{[%clk 0:43:57]} c6 {[%clk 0:30:52]} 25. Bf1 {[%clk 0:44:04]} Qf6
{[%clk 0:25:38]} 26. Qxf6 {[%clk 0:41:40]} Bxf6 {[%clk 0:26:06]} 27. Re1
{[%clk 0:40:23]} Re7 {[%clk 0:25:51]} 28. Bd4 {[%clk 0:39:13]} Nd7
{[%clk 0:21:07]} 29. Rxe7 {[%clk 0:39:37]} Bxe7 {[%clk 0:21:33]} 30. Kc1
{[%clk 0:38:35]} Bd6 {[%clk 0:19:30]} 31. Bf2 {[%clk 0:38:11]} Kf8
{[%clk 0:18:34]} 32. Kd2 {[%clk 0:36:25]} Bf4+ {[%clk 0:18:49]} 33. Kd3
{[%clk 0:35:35]} Ke7 {[%clk 0:18:52]} 34. Nh3 {[%clk 0:33:23]} Be5
{[%clk 0:18:37]} 35. Bd4 {[%clk 0:33:16]} Bg3 {[%clk 0:16:52]} 36. Bf2
{[%clk 0:32:42]} Bd6 {[%clk 0:17:09]} 37. Be2 {[%clk 0:33:01]} Be6
{[%clk 0:15:13]} 38. Ng5 {[%clk 0:33:05]} Bf5+ {[%clk 0:15:32]} 39. Kd2
{[%clk 0:33:29]} f6 {[%clk 0:15:00]} 40. Ne4 {[%clk 1:03:39]} Bxe4
{[%clk 0:45:02]} 41. fxe4 {[%clk 1:04:06]} Bf4+ {[%clk 0:45:15]} 42. Kd1
{[%clk 1:03:34]} Kd6 {[%clk 0:44:54]} 43. c3 {[%clk 1:02:58]} bxc3
{[%clk 0:44:50]} 44. Kc2 {[%clk 1:03:25]} Be5 {[%clk 0:44:15]} 45. Be1
{[%clk 1:02:25]} Nc5 {[%clk 0:43:53]} 46. Bf3 {[%clk 0:58:12]} Ne6
{[%clk 0:44:10]} 47. Bxc3 {[%clk 0:58:30]} Bxc3 {[%clk 0:44:38]} 48. Kxc3
{[%clk 0:58:57]} Kc5 {[%clk 0:43:27]} 49. Be2 {[%clk 0:56:42]} Nf4
{[%clk 0:41:41]} 50. Bf1 {[%clk 0:57:00]} g5 {[%clk 0:41:29]} 51. hxg5
{[%clk 0:57:28]} fxg5 {[%clk 0:41:53]} 52. g3 {[%clk 0:57:48]} Ng6
{[%clk 0:42:10]} 53. Be2 {[%clk 0:57:09]} h4 {[%clk 0:42:29]} 54. gxh4
{[%clk 0:57:25]} gxh4 {[%clk 0:42:55]} 55. Kd2 {[%clk 0:56:44]} Kd4
{[%clk 0:41:15]} 56. b4 {[%clk 0:56:40]} axb4 {[%clk 0:41:30]} 57. a5
{[%clk 0:57:06]} Kc5 {[%clk 0:41:38]} 58. Ke3 {[%clk 0:56:40]} h3
{[%clk 0:40:15]} 59. a6 {[%clk 0:56:36]} Kb6 {[%clk 0:40:26]} 60. Kd4
{[%clk 0:56:57]} h2 0-1

[Event "Aleksandria Cup"]
[Site "?"]
[Date "2015.07.20"]
[Round "9.8"]
[White "Bernadskiy, Vitaliy"]
[Black "Mgeladze, Tamaz"]
[Result "1-0"]
[LiveChessVersion "1.3.1"]
[BlackElo "2337"]
[WhiteElo "2548"]

1. e4 {[%clk 1:29:44]} c5 {[%clk 1:30:24]} 2. Nf3 {[%clk 1:29:37]} d6
{[%clk 1:29:53]} 3. Bb5+ {[%clk 1:29:42]} Nc6 {[%clk 1:25:54]} 4. O-O
{[%clk 1:29:33]} Bd7 {[%clk 1:19:21]} 5. c3 {[%clk 1:27:18]} Nf6 6. Re1
{[%clk 1:18:33]} a6 {[%clk 1:16:22]} 7. Bf1 {[%clk 1:18:22]} g6 {[%clk 1:15:49]}
8. d4 {[%clk 1:18:29]} cxd4 {[%clk 1:06:06]} 9. cxd4 {[%clk 1:15:54]} Bg4
{[%clk 1:02:59]} 10. d5 {[%clk 1:10:19]} Ne5 {[%clk 1:01:58]} 11. Qb3
{[%clk 1:11:09]} Nxf3+ {[%clk 0:46:25]} 12. gxf3 {[%clk 1:11:09]} Bc8
{[%clk 0:46:51]} 13. Be3 {[%clk 1:11:29]} Bg7 {[%clk 0:46:59]} 14. Bb6
{[%clk 1:08:07]} Qd7 15. Nd2 {[%clk 1:08:07]} O-O {[%clk 0:44:42]} 16. Rac1
{[%clk 1:01:25]} Nh5 {[%clk 0:38:39]} 17. Rc7 {[%clk 0:58:21]} Qe8
{[%clk 0:37:41]} 18. Nc4 {[%clk 0:58:46]} Bd7 {[%clk 0:32:26]} 19. e5
{[%clk 0:58:31]} dxe5 {[%clk 0:27:49]} 20. Nxe5 {[%clk 0:58:54]} Bc8
{[%clk 0:25:59]} 21. Nxg6 {[%clk 0:56:24]} hxg6 {[%clk 0:23:45]} 22. Rcxe7
{[%clk 0:56:45]} Bf5 {[%clk 0:24:12]} 23. Rxe8 {[%clk 0:56:48]} Rfxe8
{[%clk 0:24:40]} 24. Rxe8+ {[%clk 0:56:51]} Rxe8 {[%clk 0:25:09]} 25. Be3
{[%clk 0:57:05]} Be5 {[%clk 0:23:32]} 26. Bd3 {[%clk 0:54:39]} Bh3
{[%clk 0:21:17]} 27. d6 {[%clk 0:54:11]} Re6 {[%clk 0:14:34]} 28. Bc4
{[%clk 0:48:55]} Rxd6 {[%clk 0:12:41]} 29. Bxf7+ {[%clk 0:49:18]} Kg7
{[%clk 0:13:09]} 30. Be8 {[%clk 0:48:49]} Be6 {[%clk 0:11:24]} 31. Qxb7+
{[%clk 0:49:07]} Kf6 {[%clk 0:11:33]} 32. Qh7 {[%clk 0:47:19]} Rd1+
{[%clk 0:06:11]} 33. Kg2 {[%clk 0:47:45]} Bc4 {[%clk 0:06:39]} 34. Bg5+
{[%clk 0:47:52]} 1-0

[Event "Aleksandria Cup"]
[Site "?"]
[Date "2015.07.20"]
[Round "9.9"]
[White "Rasulov, Vugar"]
[Black "Vardanian, Haik G."]
[Result "1-0"]
[LiveChessVersion "1.3.1"]
[BlackElo "2301"]
[WhiteElo "2504"]

1. e4 {[%clk 1:29:46]} c5 {[%clk 1:30:56]} 2. Nf3 {[%clk 1:30:09]} e6
{[%clk 1:31:22]} 3. d4 {[%clk 1:30:35]} cxd4 {[%clk 1:31:46]} 4. Nxd4
{[%clk 1:31:02]} a6 {[%clk 1:32:13]} 5. Bd3 {[%clk 1:31:27]} Nf6 {[%clk 1:31:59]}
6. O-O {[%clk 1:31:49]} Qc7 {[%clk 1:32:03]} 7. Kh1 {[%clk 1:32:04]} d5
{[%clk 1:32:26]} 8. exd5 {[%clk 1:29:13]} Nxd5 {[%clk 1:32:52]} 9. f4
{[%clk 1:23:51]} Bc5 {[%clk 1:31:31]} 10. Nb3 {[%clk 1:23:45]} Bd6
{[%clk 1:30:59]} 11. f5 {[%clk 1:22:36]} Nc6 {[%clk 1:27:33]} 12. Nc3
{[%clk 1:10:45]} Nxc3 {[%clk 1:24:36]} 13. bxc3 {[%clk 1:11:13]} exf5
{[%clk 1:20:39]} 14. Bxf5 {[%clk 0:58:38]} Bxf5 {[%clk 1:09:00]} 15. Rxf5
{[%clk 0:58:58]} O-O {[%clk 1:07:51]} 16. Rh5 {[%clk 0:55:29]} Rfe8
{[%clk 1:02:45]} 17. Rh3 {[%clk 0:50:54]} Re4 {[%clk 0:48:11]} 18. Be3
{[%clk 0:46:08]} Rae8 {[%clk 0:43:48]} 19. Bg1 {[%clk 0:45:19]} Ne5
{[%clk 0:35:29]} 20. Nd2 {[%clk 0:33:54]} Rg4 {[%clk 0:32:12]} 21. Qe2
{[%clk 0:29:36]} Re6 {[%clk 0:29:20]} 22. Ne4 {[%clk 0:23:22]} Bf8
{[%clk 0:25:12]} 23. Rd1 {[%clk 0:21:44]} h6 {[%clk 0:19:07]} 24. Rd4
{[%clk 0:18:29]} Qc6 {[%clk 0:16:03]} 25. Re3 {[%clk 0:16:42]} Rgg6
{[%clk 0:11:24]} 26. Ng3 {[%clk 0:15:55]} Bd6 {[%clk 0:07:56]} 27. Ree4
{[%clk 0:10:44]} Kh7 {[%clk 0:06:57]} 28. Re3 {[%clk 0:08:52]} b5
{[%clk 0:06:40]} 29. Rde4 {[%clk 0:06:22]} Qd5 {[%clk 0:03:35]} 30. Rd4
{[%clk 0:04:22]} Qc6 {[%clk 0:02:40]} 31. Rde4 {[%clk 0:04:14]} Rg5
{[%clk 0:01:43]} 32. h4 {[%clk 0:03:08]} Rgg6 {[%clk 0:01:43]} 33. Nf5
{[%clk 0:03:32]} Bc5 {[%clk 0:00:46]} 34. Rxe5 {[%clk 0:03:11]} Bxe3
{[%clk 0:01:09]} 35. Rxe6 {[%clk 0:02:15]} Qxe6 {[%clk 0:00:37]} 36. Nxe3
{[%clk 0:02:29]} Qxa2 {[%clk 0:00:44]} 37. Qd3 {[%clk 0:02:35]} h5
{[%clk 0:00:37]} 38. c4 {[%clk 0:00:57]} bxc4 {[%clk 0:00:40]} 39. Qf5
{[%clk 0:00:51]} c3 {[%clk 0:00:37]} 40. Nd5 {[%clk 0:30:40]} Qc4
{[%clk 0:30:31]} 41. Nf4 {[%clk 0:30:03]} a5 {[%clk 0:18:34]} 42. Nxg6
{[%clk 0:29:55]} fxg6 {[%clk 0:18:51]} 43. Qf2 {[%clk 0:30:22]} Qe4
{[%clk 0:11:55]} 44. Bh2 {[%clk 0:29:47]} a4 {[%clk 0:11:52]} 45. Bd6
{[%clk 0:30:11]} Qd5 {[%clk 0:10:30]} 46. Bb4 {[%clk 0:28:52]} Qc4
{[%clk 0:09:16]} 47. Bc5 {[%clk 0:28:44]} Qa6 {[%clk 0:03:06]} 48. Bd4
{[%clk 0:27:59]} Qc4 {[%clk 0:02:28]} 49. Qe3 {[%clk 0:27:59]} a3
{[%clk 0:01:56]} 50. Qe5 {[%clk 0:28:11]} Qf7 {[%clk 0:00:35]} 51. Bxc3
{[%clk 0:28:31]} a2 {[%clk 0:00:48]} 52. Kh2 {[%clk 0:28:49]} Qd7
{[%clk 0:00:47]} 53. Ba1 {[%clk 0:29:01]} Kg8 {[%clk 0:00:32]} 54. c4
{[%clk 0:29:24]} Kf8 {[%clk 0:00:41]} 55. c5 {[%clk 0:29:28]} Qc6
{[%clk 0:00:31]} 56. Qxg7+ {[%clk 0:29:30]} Ke8 {[%clk 0:00:59]} 57. Qe5+
{[%clk 0:29:27]} Kd7 {[%clk 0:01:18]} 58. Kg3 {[%clk 0:29:33]} Qa4
{[%clk 0:01:24]} 59. Qd4+ {[%clk 0:29:54]} 1-0

[Event "Aleksandria Cup"]
[Site "?"]
[Date "2015.07.20"]
[Round "9.10"]
[White "Sivuk, Vitaly"]
[Black "Hayrapetyan, Artavazd R."]
[Result "1-0"]
[LiveChessVersion "1.3.1"]
[BlackElo "2289"]
[WhiteElo "2463"]

1. d4 {[%clk 1:29:07]} Nf6 {[%clk 1:30:47]} 2. c4 {[%clk 1:29:26]} g6
{[%clk 1:29:50]} 3. Nc3 {[%clk 1:29:39]} Bg7 {[%clk 1:30:08]} 4. e4
{[%clk 1:29:44]} d6 {[%clk 1:30:33]} 5. Nf3 {[%clk 1:30:05]} O-O {[%clk 1:30:54]}
6. Be2 {[%clk 1:30:29]} e5 {[%clk 1:29:45]} 7. d5 {[%clk 1:30:48]} Nbd7
{[%clk 1:28:28]} 8. O-O {[%clk 1:30:48]} Nc5 {[%clk 1:28:00]} 9. Qc2
{[%clk 1:31:05]} a5 {[%clk 1:28:20]} 10. Bg5 {[%clk 1:31:24]} h6 {[%clk 1:26:28]}
11. Be3 {[%clk 1:31:44]} b6 {[%clk 1:24:42]} 12. Nd2 {[%clk 1:32:03]} Bg4
{[%clk 1:23:38]} 13. Qd1 {[%clk 1:32:18]} h5 {[%clk 1:10:56]} 14. h3
{[%clk 1:31:21]} Bxe2 {[%clk 1:11:06]} 15. Qxe2 {[%clk 1:31:44]} Kh7
{[%clk 1:11:34]} 16. b3 {[%clk 1:22:04]} Bh6 {[%clk 1:10:47]} 17. a3
{[%clk 1:21:48]} h4 {[%clk 1:09:25]} 18. Bxh6 {[%clk 0:59:50]} Kxh6
{[%clk 1:09:10]} 19. Qe3+ {[%clk 1:00:07]} Kg7 {[%clk 1:09:07]} 20. f4
{[%clk 0:59:53]} Ncd7 {[%clk 0:54:26]} 21. Nf3 {[%clk 0:52:35]} exf4
{[%clk 0:43:17]} 22. Qxf4 {[%clk 0:52:53]} Nh5 {[%clk 0:43:44]} 23. Qg4
{[%clk 0:46:27]} Ne5 {[%clk 0:39:11]} 24. Nxe5 {[%clk 0:46:48]} dxe5
{[%clk 0:39:38]} 25. Nb5 {[%clk 0:43:13]} Qe7 {[%clk 0:38:10]} 26. Kh2
{[%clk 0:40:44]} Ng3 {[%clk 0:35:45]} 27. Rfe1 {[%clk 0:36:25]} Rad8
{[%clk 0:23:40]} 28. Rad1 {[%clk 0:36:27]} Kh7 {[%clk 0:22:43]} 29. Nxc7
{[%clk 0:26:00]} Nxe4 {[%clk 0:20:04]} 30. Qxe4 {[%clk 0:23:13]} Qxc7
{[%clk 0:20:21]} 31. Qxe5 {[%clk 0:23:20]} Qxe5+ {[%clk 0:19:45]} 32. Rxe5
{[%clk 0:23:49]} Kg7 {[%clk 0:19:22]} 33. d6 {[%clk 0:22:57]} Kf6
{[%clk 0:19:36]} 34. Red5 {[%clk 0:22:00]} Rd7 {[%clk 0:19:48]} 35. Rb5
{[%clk 0:21:12]} Rb8 {[%clk 0:20:09]} 36. c5 {[%clk 0:21:24]} Ke6
{[%clk 0:20:34]} 37. a4 {[%clk 0:17:54]} Rdd8 {[%clk 0:20:33]} 38. cxb6
{[%clk 0:09:32]} Rxd6 {[%clk 0:20:57]} 39. Rxd6+ {[%clk 0:09:55]} Kxd6
{[%clk 0:21:26]} 40. b4 {[%clk 0:40:15]} axb4 {[%clk 0:51:52]} 41. a5
{[%clk 0:40:31]} Kc6 {[%clk 0:51:49]} 42. Rxb4 {[%clk 0:40:55]} g5
{[%clk 0:52:09]} 43. Kg1 {[%clk 0:40:44]} Kb7 {[%clk 0:51:17]} 44. Rb5
{[%clk 0:40:41]} Rg8 {[%clk 0:51:07]} 45. Rf5 {[%clk 0:40:44]} Ka6
{[%clk 0:51:33]} 46. Rxf7 {[%clk 0:40:18]} Kxa5 {[%clk 0:51:57]} 47. b7
{[%clk 0:40:43]} Kb6 {[%clk 0:52:05]} 48. Kf2 {[%clk 0:38:42]} Ka7
{[%clk 0:52:12]} 49. Kf3 {[%clk 0:39:01]} Rd8 {[%clk 0:52:04]} 50. Kg4
{[%clk 0:38:56]} Rd5 {[%clk 0:51:48]} 51. Kh5 {[%clk 0:38:44]} Rd2
{[%clk 0:50:32]} 52. Kxg5 {[%clk 0:38:59]} Rxg2+ {[%clk 0:50:55]} 53. Kxh4
{[%clk 0:39:25]} Rg8 {[%clk 0:49:58]} 54. Rh7 {[%clk 0:39:33]} Rd8
{[%clk 0:48:29]} 55. Rg7 {[%clk 0:32:59]} Rd4+ {[%clk 0:48:32]} 56. Rg4
{[%clk 0:32:48]} Rd1 {[%clk 0:46:42]} 57. Rb4 {[%clk 0:32:46]} Kb8
{[%clk 0:47:02]} 58. Kg5 {[%clk 0:32:42]} Rd5+ {[%clk 0:43:33]} 59. Kg4
{[%clk 0:31:49]} Rd8 {[%clk 0:43:21]} 60. h4 {[%clk 0:32:13]} Rg8+
{[%clk 0:43:48]} 61. Kf5 {[%clk 0:32:22]} Rh8 {[%clk 0:44:03]} 62. Kg6
{[%clk 0:32:35]} Rg8+ {[%clk 0:44:17]} 63. Kf7 {[%clk 0:32:44]} Rh8
{[%clk 0:44:29]} 64. Kg7 {[%clk 0:33:08]} Rd8 {[%clk 0:44:48]} 65. h5
{[%clk 0:32:57]} Rd7+ {[%clk 0:45:11]} 66. Kg6 {[%clk 0:33:08]} Rd6+
{[%clk 0:45:37]} 67. Kg5 {[%clk 0:33:33]} Rd5+ {[%clk 0:46:05]} 68. Kg4
{[%clk 0:33:58]} Rd6 {[%clk 0:46:32]} 69. Rb5 {[%clk 0:34:20]} Rd1
{[%clk 0:46:05]} 70. h6 {[%clk 0:34:29]} Rg1+ {[%clk 0:46:29]} 71. Kf5
{[%clk 0:34:53]} Rh1 {[%clk 0:46:48]} 72. Ke4 1-0

[Event "Aleksandria Cup"]
[Site "?"]
[Date "2015.07.20"]
[Round "9.11"]
[White "Jobava, Baadur"]
[Black "Poghosyan, Suren"]
[Result "1/2-1/2"]
[LiveChessVersion "1.3.1"]
[BlackElo "2273"]
[WhiteElo "2693"]

1. e4 e6 2. d4 {[%clk 1:00:31]} d5 {[%clk 1:31:03]} 3. Nd2 Be7 4. exd5
{[%clk 0:59:46]} exd5 {[%clk 1:31:48]} 5. Bd3 {[%clk 1:00:11]} Nf6
{[%clk 1:31:52]} 6. Ngf3 {[%clk 1:00:35]} O-O {[%clk 1:31:52]} 7. O-O
{[%clk 1:01:00]} Bg4 {[%clk 1:31:02]} 8. Re1 {[%clk 0:57:38]} Re8
{[%clk 1:30:39]} 9. Nf1 {[%clk 0:56:58]} Nc6 {[%clk 1:30:31]} 10. c3
{[%clk 0:57:18]} Qd7 {[%clk 1:30:56]} 11. h3 {[%clk 0:56:34]} Bf5
{[%clk 1:07:12]} 12. Bb5 {[%clk 0:42:40]} Qd6 {[%clk 0:58:18]} 13. Ng3
{[%clk 0:41:09]} Bg6 {[%clk 0:55:58]} 14. Ne5 {[%clk 0:41:32]} Nd7
{[%clk 0:56:05]} 15. Nd3 {[%clk 0:28:07]} Qf6 {[%clk 0:48:19]} 16. Nf4
{[%clk 0:17:37]} Qd6 {[%clk 0:43:27]} 17. Qf3 {[%clk 0:14:18]} Nf6
{[%clk 0:41:10]} 18. Nxg6 {[%clk 0:13:01]} hxg6 {[%clk 0:41:33]} 19. h4
{[%clk 0:12:36]} Qd7 {[%clk 0:38:38]} 20. Bg5 {[%clk 0:11:18]} Rad8
{[%clk 0:37:32]} 21. Bd3 {[%clk 0:09:53]} Qg4 {[%clk 0:35:37]} 22. Qxg4
{[%clk 0:09:56]} Nxg4 {[%clk 0:35:59]} 23. Ne2 {[%clk 0:08:04]} Nf6
{[%clk 0:33:42]} 24. Nf4 {[%clk 0:08:27]} Nh5 {[%clk 0:26:56]} 25. Nxg6
{[%clk 0:07:17]} fxg6 {[%clk 0:26:10]} 26. Bxg6 {[%clk 0:07:41]} Nf6
{[%clk 0:26:35]} 27. Bxe8 {[%clk 0:07:55]} Rxe8 {[%clk 0:27:00]} 28. f3
{[%clk 0:06:32]} Kf7 {[%clk 0:20:52]} 29. g4 {[%clk 0:06:34]} g6 {[%clk 0:20:49]}
30. Kg2 {[%clk 0:06:50]} Nd8 {[%clk 0:20:38]} 31. Bxf6 {[%clk 0:03:24]} Kxf6
{[%clk 0:20:59]} 32. f4 {[%clk 0:02:32]} Ne6 {[%clk 0:21:08]} 33. Rf1
{[%clk 0:01:20]} Kg7 34. f5 gxf5 35. gxf5 Nd8 36. Kh3 Rh8 37. Rf4 Nf7
{[%clk 0:18:44]} 38. Rg1+ Kf8 39. Rg6 Ng5+ 40. Kg4 Ne4 41. f6 {[%clk 0:25:37]}
Bd6 {[%clk 0:44:17]} 42. Rf3 {[%clk 0:25:03]} Kf7 {[%clk 0:44:26]} 43. h5
{[%clk 0:24:13]} Bf8 {[%clk 0:44:37]} 44. c4 {[%clk 0:16:30]} Nd2
{[%clk 0:41:57]} 45. Rc3 {[%clk 0:06:12]} Ne4 {[%clk 0:42:11]} 46. Rf3
{[%clk 0:06:37]} Nd2 {[%clk 0:42:37]} 47. Rc3 {[%clk 0:07:03]} Ne4
{[%clk 0:42:41]} 1/2-1/2

[Event "Aleksandria Cup"]
[Site "?"]
[Date "2015.07.20"]
[Round "9.12"]
[White "Stjazhkina, Olga"]
[Black "Kostenko, Petr"]
[Result "0-1"]
[LiveChessVersion "1.3.1"]
[BlackElo "2457"]
[WhiteElo "2191"]

1. e4 {[%clk 1:30:57]} c5 {[%clk 1:28:29]} 2. Nc3 {[%clk 1:31:20]} g6
{[%clk 1:28:51]} 3. d4 {[%clk 1:28:53]} Bg7 {[%clk 1:29:13]} 4. dxc5
{[%clk 1:28:16]} Qa5 {[%clk 1:29:35]} 5. Nge2 {[%clk 1:25:20]} Qxc5
{[%clk 1:28:37]} 6. Be3 {[%clk 1:25:19]} Qa5 {[%clk 1:29:01]} 7. g3
{[%clk 1:19:34]} Nc6 {[%clk 1:20:57]} 8. Bg2 {[%clk 1:19:28]} d6 {[%clk 1:21:11]}
9. O-O {[%clk 1:19:26]} Nh6 {[%clk 1:21:13]} 10. h3 {[%clk 1:17:59]} f5
{[%clk 1:21:37]} 11. Nd4 {[%clk 1:12:03]} O-O {[%clk 1:15:59]} 12. Nd5
{[%clk 1:08:38]} Rf7 {[%clk 1:12:27]} 13. Nb3 {[%clk 1:07:17]} Qd8
{[%clk 1:12:14]} 14. Qd2 {[%clk 1:07:27]} Qf8 {[%clk 1:12:10]} 15. Nc7
{[%clk 1:06:38]} Rb8 {[%clk 1:12:31]} 16. exf5 {[%clk 1:06:39]} Nxf5
{[%clk 1:10:11]} 17. Bd5 {[%clk 1:04:32]} Kh8 {[%clk 1:10:31]} 18. Bxf7
{[%clk 0:59:48]} Qxf7 {[%clk 1:10:57]} 19. c3 {[%clk 0:58:51]} Ne5
{[%clk 1:11:04]} 20. Qe2 {[%clk 0:53:53]} Bd7 {[%clk 1:07:24]} 21. Bf4
{[%clk 0:46:03]} Rc8 {[%clk 1:05:21]} 22. Bxe5 {[%clk 0:39:39]} Bxe5
{[%clk 1:04:43]} 23. Nb5 {[%clk 0:39:02]} a6 {[%clk 0:58:11]} 24. Na3
{[%clk 0:35:49]} g5 {[%clk 0:51:34]} 25. Rad1 {[%clk 0:33:23]} Nh4
{[%clk 0:50:24]} 26. f4 {[%clk 0:25:06]} gxf4 {[%clk 0:50:42]} 27. gxh4
{[%clk 0:25:22]} Bxh3 {[%clk 0:50:47]} 28. Kh1 {[%clk 0:22:29]} Rg8
{[%clk 0:44:06]} 29. Rg1 {[%clk 0:22:07]} Rxg1+ {[%clk 0:44:16]} 30. Kxg1
{[%clk 0:22:23]} f3 {[%clk 0:44:03]} 31. Qf2 {[%clk 0:19:02]} Qg6+
{[%clk 0:42:37]} 32. Kh1 {[%clk 0:19:26]} Bg2+ {[%clk 0:43:05]} 33. Kg1
{[%clk 0:19:48]} Qg4 {[%clk 0:43:00]} 34. Nc2 {[%clk 0:12:44]} Bh2+
{[%clk 0:43:19]} 0-1

[Event "Aleksandria Cup"]
[Site "?"]
[Date "2015.07.20"]
[Round "9.13"]
[White "Petrosyan, Manuel"]
[Black "Gevorgyan, Maria"]
[Result "1-0"]
[LiveChessVersion "1.3.1"]
[BlackElo "2236"]
[WhiteElo "2449"]

1. Nf3 {[%clk 1:30:07]} d5 {[%clk 1:29:06]} 2. c4 {[%clk 1:30:09]} c6
{[%clk 1:29:30]} 3. g3 {[%clk 1:30:29]} Nf6 {[%clk 1:29:46]} 4. Bg2
{[%clk 1:30:52]} Bg4 {[%clk 1:30:11]} 5. Ne5 {[%clk 1:29:29]} Be6
{[%clk 1:26:48]} 6. O-O {[%clk 1:29:16]} dxc4 {[%clk 1:22:54]} 7. Qc2
{[%clk 1:26:03]} h5 {[%clk 1:09:09]} 8. h4 {[%clk 1:19:21]} g5 {[%clk 1:01:18]}
9. hxg5 {[%clk 1:18:27]} Ng4 {[%clk 1:01:42]} 10. Nxg4 {[%clk 1:10:44]} hxg4
{[%clk 0:58:43]} 11. b3 {[%clk 1:05:15]} cxb3 {[%clk 0:57:38]} 12. axb3
{[%clk 1:05:15]} Qb6 {[%clk 0:58:04]} 13. Bb2 {[%clk 0:59:36]} Rg8
{[%clk 0:56:05]} 14. Na3 {[%clk 0:53:19]} Qxb3 {[%clk 0:44:41]} 15. Qh7
{[%clk 0:35:24]} Rxg5 {[%clk 0:42:09]} 16. Qh4 {[%clk 0:35:47]} Rg8
{[%clk 0:33:42]} 17. Rfb1 {[%clk 0:35:34]} Bf5 {[%clk 0:34:07]} 18. e4
{[%clk 0:34:22]} Bc8 {[%clk 0:34:28]} 19. Qh7 {[%clk 0:23:13]} Rg6
{[%clk 0:31:42]} 20. Qh8 {[%clk 0:23:38]} Qd3 {[%clk 0:30:12]} 21. Re1
{[%clk 0:18:56]} Nd7 {[%clk 0:23:37]} 22. Bf1 {[%clk 0:15:09]} Qxd2
{[%clk 0:20:26]} 23. Nc4 {[%clk 0:13:25]} Qh6 {[%clk 0:18:50]} 24. Qc3
{[%clk 0:12:38]} b5 {[%clk 0:13:05]} 25. Ne3 {[%clk 0:12:13]} Bg7
{[%clk 0:13:03]} 26. Qc2 {[%clk 0:12:18]} Bxb2 {[%clk 0:12:04]} 27. Qxb2
{[%clk 0:12:32]} Qg7 {[%clk 0:12:23]} 28. Qc2 {[%clk 0:09:27]} Ne5
{[%clk 0:12:39]} 29. Bg2 {[%clk 0:09:56]} Kf8 {[%clk 0:08:18]} 30. Red1
{[%clk 0:06:16]} Rd6 {[%clk 0:03:29]} 31. Qc5 {[%clk 0:05:07]} Qf6
{[%clk 0:03:58]} 32. Rf1 {[%clk 0:05:23]} a5 {[%clk 0:03:18]} 33. Ra3
{[%clk 0:04:01]} Kg7 {[%clk 0:03:14]} 34. Qc2 {[%clk 0:01:50]} b4
{[%clk 0:02:39]} 35. Raa1 {[%clk 0:02:11]} Nf3+ {[%clk 0:01:58]} 36. Bxf3
{[%clk 0:02:39]} Qxf3 {[%clk 0:02:26]} 37. Qc5 {[%clk 0:02:27]} Qxe4
{[%clk 0:02:01]} 38. Rfe1 {[%clk 0:02:23]} Qf3 {[%clk 0:00:52]} 39. Ng2
{[%clk 0:02:06]} Qf5 {[%clk 0:01:01]} 40. Re5 {[%clk 0:32:22]} Qf6
{[%clk 0:31:02]} 41. Nf4 {[%clk 0:30:27]} Kf8 {[%clk 0:27:45]} 42. Rae1
{[%clk 0:28:48]} Be6 {[%clk 0:16:57]} 43. Nxe6+ {[%clk 0:27:22]} Rxe6
{[%clk 0:15:25]} 44. Rxe6 {[%clk 0:27:24]} fxe6 {[%clk 0:15:55]} 45. Re4
{[%clk 0:22:29]} e5 {[%clk 0:16:14]} 46. Rxe5 {[%clk 0:22:36]} Qd6
{[%clk 0:14:48]} 47. Qe3 {[%clk 0:20:28]} Qd1+ {[%clk 0:10:28]} 48. Kh2
{[%clk 0:20:23]} Qf3 {[%clk 0:10:54]} 49. Qc5 {[%clk 0:19:12]} Kg8
{[%clk 0:10:22]} 50. Rg5+ {[%clk 0:17:57]} Kh8 {[%clk 0:10:44]} 51. Rh5+
{[%clk 0:18:01]} Kg8 {[%clk 0:10:59]} 52. Qg5+ {[%clk 0:18:19]} Kf7
{[%clk 0:09:38]} 53. Rh7+ {[%clk 0:18:41]} Ke6 {[%clk 0:10:05]} 54. Rxe7+
{[%clk 0:19:01]} Kd5 1-0